000 01325pam a2200313 a 4500
001 1478799
003 ARRUPE
005 20150910102941.0
008 871008s1988 paua b 111 0 eng
010 _a 87029424
020 _a0819167584 (University Press of America : alk. paper) :
_c$36.50
020 _a0819167592 (University Press of America : pbk. : alk. paper) :
_c$22.75
020 _z0819166584 (University Press of America : alk. paper) :
_c$36.50
040 _aDLC
_cDLC
_dDLC
050 0 0 _aSPCH3.K76
082 0 0 _a142/.7
_219
245 0 0 _aHermeneutic phenomenology :
_blectures and essays /
_cedited by Joseph J. Kockelmans.
260 _a[Pittsburgh, Pa.] :
_bCenter for Advanced Research in Phenomenology ;
_aWashington, D.C. :
_bUniversity Press of America,
_c1988.
300 _axvi, 388 p. :
_bill. ;
_c24 cm.
440 0 _aCurrent continental research ;
_v012
_919641
500 _aHeelan, Patrick A. - A Heideggerian meditation on science and art p.257-276
504 _aBibliography: p. [363]-373.
600 1 0 _aHeidegger, Martin,
_d1889-1976
_xCongresses.
_919642
650 0 _aHermeneutics
_xCongresses.
_919643
650 0 _aPhenomenology
_xCongresses.
_915356
700 1 _aKockelmans, Joseph J.,
_d1923-
_919217
_eed.
906 _a7
_bcbc
_corignew
_d1
_eocip
_f19
_gy-gencatlg
942 _2lcc
_cSPC
999 _c123341
_d123341